Hollow knight NPCs. - Statistics

General Stats
  • This quiz has been taken 296 times
  • The average score is 10 of 12
Answer Stats
Hint Answer % Correct
He greets you at dirtmouth. Elder Bug
98%
Found, dazed and confused, in the forgotten crossroads. Sly
96%
Sells maps in the far reaches of the kingdom. Cornifer
94%
A knight of great renown. Zote
90%
Gives you the Cyclone Slash nail art. Nailmaster Mato
88%
Upgrades your nail. Nailsmith
84%
One of the Five Great Knights. Dung Defender
77%
Dies in the Colosseum of Fools. Tiso
77%
Gives you the delicate flower quest in. Grey Mourner
75%
Likes to listen to Zote's stories (if you save Zote, that is). Bretta
71%
Owns a shop in the forgotten crossroads. Salubra
59%
Found in the Royal Waterways. Tuk
47%
No matching quizzes found
Score Distribution
Percent of People with Each Score
Percentile by Number Answered
Your Score History
You have not taken this quiz